00632nam a2200181 a 450000100100000000500170001000800410002702000150006804000250008310000260010824500310013426000300016530000310019550000700022658600320029695201050032899900170043300004396720201002045053.0140512s2002 sp c 000 0 spa d a8467001852 aDO-SdBNPbspacBNPHU1 aEspada, Arcadi97191510aDiarios. /cArcadi Espada. aMadrid, :bEspasa,c2002. a280 p. :bretrs. ;c22 cm. aIncluye datos biografícos del autor en la solapa de la portada. aPremio Espasa, Ensayo82002 001050718MOaGRbGRcCTd2014-05-12iLF1l0o p43967-10r2020-06-25w2020-06-25y1ZNo se presta c43456d43456